| 000 | 01716cam a2200361 i 4500 | ||
|---|---|---|---|
| 999 |
_c66437 _d66437 |
||
| 001 | 768714001 | ||
| 003 | CO-MdFUSB | ||
| 005 | 20200706090751.0 | ||
| 007 | ta | ||
| 008 | 960923t19671940nyuafg b 001 0 eng d | ||
| 020 | _a0486200221 | ||
| 020 | _a9780486200224 | ||
| 040 |
_aESC _cCO-MdFUSB _dBAKER _dCO-MdFUSB _dMUU _dNLGGC _dYDXCP _dOCLCG _dBDX _dDEBBG _dCWC _dUtOrBLW _bspa _erda |
||
| 041 | _aeng | ||
| 082 |
_223 _a783.02698 _bA566 |
||
| 100 | 1 |
_aAndrews, Edward Deming, _d1894-1964. _eautor |
|
| 245 | 1 | 4 |
_aThe gift to be simple : _bsongs, dances and rituals of the American Shakers _c/ Edward D. Andrews. |
| 264 | 1 |
_aNew York, N.Y. : _bDover Publications, _c1967. |
|
| 264 | 4 | _c©1940. | |
| 300 |
_a170 páginas : _bilustraciones ; _c21 cm. |
||
| 336 |
_2rdacontent _atexto _btxt |
||
| 337 |
_2rdamedia _asin mediación _bn |
||
| 338 |
_2rdacarrier _avolumen _bnc |
||
| 504 | _aIncluye referencias bibliográficas (páginas 160-163) e índices. | ||
| 505 | _aIntroducción - Canciones y rituales - Melodías y música: textos que ilustran varios tipos de canciones de Shaker - Danzas: una colección de melodías con textos. | ||
| 520 | _a "Esta es la única versión completa y autorizada de la música Shaker, un fenómeno curioso que era en parte tradicional, en parte inspirador. A través de un examen de las pintorescas y coloridas canciones cantadas por estos hombres y mujeres fervientes y una discusión de los rituales y bailes altamente imaginativos realizaron, el libro recaptura con éxito el espíritu de estas personas humildes y devotas. " | ||
| 563 | _aRústico | ||
| 653 | _aMúsica | ||
| 942 | _cBK | ||
| 945 | _aJTF-925 | ||